Devinez la Capitale Mystère #92 - Statistiques

Statistiques générales
  • Ce quiz a été pris 120 fois
  • Le résultat moyen est 32 sur 44
Statistiques - réponses
Type de Réponse Réponse % Correct
Lettre Trouvée S
99%
Lettre Trouvée E
98%
Lettre Trouvée I
98%
Lettre Trouvée R
98%
Lettre Trouvée A
97%
Lettre de l'Alphabet O
97%
Lettre Trouvée N
96%
Lettre Bien Placée A
95%
Lettre de l'Alphabet L
95%
Lettre Trouvée D
92%
Lettre Trouvée B
91%
Lettre de l'Alphabet P
89%
Lettre de l'Alphabet T
89%
Lettre Trouvée G
88%
Lettre de l'Alphabet M
88%
Lettre de l'Alphabet U
88%
Lettre de l'Alphabet C
85%
Lettre de l'Alphabet K
81%
Lettre Bien Placée B
78%
Lettre de l'Alphabet H
77%
Lettre Bien Placée N
77%
Lettre Bien Placée S
72%
Lettre de l'Alphabet V
71%
Lettre Trouvée W
71%
Lettre Bien Placée R
68%
Lettre Bien Placée D
66%
Lettre Bien Placée E
66%
Lettre de l'Alphabet Y
64%
Lettre Bien Placée A
63%
Lettre de l'Alphabet X
62%
Lettre de l'Alphabet Z
59%
Lettre Bien Placée E
58%
Lettre de l'Alphabet J
58%
Lettre Bien Placée R
58%
Lettre de l'Alphabet F
52%
Lettre de l'Alphabet Q
52%
Lettre Bien Placée I
48%
Lettre Bien Placée A
47%
Lettre Bien Placée A
47%
Lettre Bien Placée B
47%
Capitale Mystère Bandar Seri Begawan
47%
Lettre Bien Placée G
47%
Lettre Bien Placée N
47%
Lettre Bien Placée W
47%
Aucun quiz correspondant
Distribution des résultats
% des personnes avec chaque résultat
Percentile par nombre de réponses
Votre historique - résultats
Vous n’avez pas pris ce quiz